Capitals of Oceania with Map - Statistics

General Stats
  • This quiz has been taken 22 times
  • The average score is 12 of 14
Answers on the Map
Answers color-coded by a green-red scale on the quiz's map according to % correct below.
 
Answer Stats
Answer % Correct
Canberra
100%
Honiara
91%
Ngerulmud
91%
Port Moresby
91%
Wellington
91%
Majuro
82%
Nukualofa
82%
Palikir
82%
Port Vila
82%
Suva
82%
Yaren
82%
Funafuti
73%
Apia
64%
South Tarawa
64%
No matching quizzes found
Score Distribution
Percent of People with Each Score
Percentile by Number Answered
Your Score History
You have not taken this quiz